01060 2200397 4500001002100000005001500021035002000036008004100056245007300097100002700170260003400197300001900231020002200250084001800272082000800290650001800298700001600316700001800332700001900350700001900369700001800388700001700406700001600423700002200439700002200461700001800483700001100501700001900512700001900531700001400550700002500564700001800589700001900607700001600626990002000642INLIS00000000000792320260424031147 a0010-0426000111260424 0 ind 1 aReal Life :bMereka Memberi Inspirasi /cSumurung Basa Silaban., dkk aSilaban, Sumurung Basa aBalikpapan :bKP Books,c2012 a398 ;c21 x 14 a978-602-19626-9-5 a920 SIL R C.1 a920 4aBiografi Umum aSukri Sikki aFaroq Zamzani aEndro S Efendi aUways Alkadrie aAchmad Ridwan aAbdul Rasyid aDedy Jayadi aAdi Wijaya Kusuma aHermina Khumairah aIsnan Rahardi aLucman aMuslim Hidayat aEdwin Agustyan aLastiawan aNurul Ulfa Apriliani aYudha Almerio aAkbar Ciptanto aEka Fatimah a260311200011263